Squadra della stagione della UEFA Europa League - Statistics

Statistiche generali
  • Questo quiz è stato fatto 4 volte
    2 dall'ultimo reset
  • Il punteggio medio è 148 su 186
Statistiche sulle risposte
Ruolo Nazione Squadra Calciatore % Corretto
Attaccante Nigeria Atalanta Ademola Lookman
100%
Difensore Spagna Benfica Alejandro Grimaldo
100%
Attaccante Francia Olympique Lione Alexandre Lacazette
100%
Centrocampista Spagna Manchester Utd Ander Herrera
100%
Centrocampista Italia Juventus Andrea Pirlo
100%
Attaccante Francia Atlético Madrid Antoine Griezmann
100%
Difensore Ecuador Manchester Utd Antonio Valencia
100%
Attaccante Spagna Athletic Bilbao Aritz Aduriz
100%
Difensore Albania Atalanta Berat Djimsiti
100%
Attaccante Burkina Faso Ajax Bertrand Traoré
100%
Centrocampista Spagna Fiorentina Borja Valero
100%
Centrocampista Portogallo Manchester Utd | Sporting Lisbona Bruno Fernandes
100%
Attaccante Colombia Siviglia Carlos Bacca
100%
Attaccante Argentina Juventus Carlos Tévez
100%
Difensore Spagna Chelsea César Azpilicueta
100%
Difensore Inghilterra Roma Chris Smalling
100%
Attaccante Francia RB Lipsia Christopher Nkunku
100%
Attaccante Italia Lazio Ciro Immobile
100%
Difensore Paesi Bassi Manchester Utd Daley Blind
100%
Difensore Croazia Shakhtar Donetsk Darijo Srna
100%
Portiere Spagna Manchester Utd David de Gea
100%
Difensore Brasile Chelsea David Luiz
100%
Centrocampista Inghilterra West Ham Utd Declan Rice
100%
Difensore Uruguay Atlético Madrid Diego Godín
100%
Attaccante Francia Olympique Marsiglia Dimitri Payet
100%
Attaccante Serbia Ajax Dušan Tadić
100%
Attaccante Belgio Chelsea Eden Hazard
100%
Attaccante Bosnia ed Erzegovina Roma Edin Džeko
100%
Attaccante Uruguay Manchester Utd Edinson Cavani
100%
Difensore Francia Porto Eliaquim Mangala
100%
Centrocampista Germania Liverpool Emre Can
100%
Difensore Costa d'Avorio Manchester Utd Eric Bailly
100%
Centrocampista Francia Villarreal Étienne Capoue
100%
Centrocampista Argentina Siviglia Éver Banega
100%
Difensore Algeria Napoli Faouzi Ghoulam
100%
Centrocampista Serbia Eintracht Francoforte Filip Kostić
100%
Attaccante Germania Bayer Leverkusen Florian Wirtz
100%
Centrocampista Brasile Manchester Utd Fred
100%
Centrocampista Spagna Atlético Madrid Gabi
100%
Attaccante Spagna Villarreal Gerard Moreno
100%
Portiere Argentina Villarreal Gerónimo Rulli
100%
Difensore Italia Roma Gianluca Mancini
100%
Portiere Italia Juventus Gianluigi Buffon
100%
Attaccante Argentina Napoli Gonzalo Higuaín
100%
Centrocampista Svizzera Bayer Leverkusen Granit Xhaka
100%
Centrocampista Polonia Siviglia Grzegorz Krychowiak
100%
Difensore Inghilterra Manchester Utd Harry Maguire
100%
Centrocampista Armenia Manchester Utd Henrikh Mkhitaryan
100%
Centrocampista Croazia Siviglia Ivan Rakitić
100%
Centrocampista Inghilterra Rangers James Tavernier
100%
Portiere Slovenia Atlético Madrid Jan Oblak
100%
Centrocampista Paesi Bassi Bayer Leverkusen Jeremie Frimpong
100%
Difensore Spagna Siviglia Jesús Navas
100%
Difensore Germania Bayer Leverkusen Jonathan Tah
100%
Centrocampista Italia Chelsea Jorginho
100%
Centrocampista Germania Bayer Leverkusen Kai Havertz
100%
Portiere Spagna Chelsea Kepa Arrizabalaga
100%
Centrocampista Belgio Wolfsburg Kevin De Bruyne
100%
Attaccante Francia Siviglia Kevin Gameiro
100%
Portiere Germania Eintracht Francoforte Kevin Trapp
100%
Centrocampista Spagna Atlético Madrid Koke
100%
Difensore Francia Arsenal Laurent Koscielny
100%
Attaccante Argentina Inter Lautaro Martínez
100%
Difensore Italia Juventus | Milan Leonardo Bonucci
100%
Difensore Italia Roma Leonardo Spinazzola
100%
Centrocampista Italia Roma Lorenzo Pellegrini
100%
Attaccante Argentina Siviglia Lucas Ocampos
100%
Attaccante Serbia Eintracht Francoforte Luka Jović
100%
Attaccante Paesi Bassi Siviglia Luuk de Jong
100%
Centrocampista Croazia Inter Marcelo Brozović
100%
Difensore Argentina Siviglia Marcos Acuña
100%
Attaccante Inghilterra Manchester Utd Marcus Rashford
100%
Centrocampista Slovacchia Napoli Marek Hamšík
100%
Difensore Germania Borussia Dortmund Mats Hummels
100%
Centrocampista Italia Atalanta Matteo Ruggeri
100%
Difensore Paesi Bassi Ajax Matthijs de Ligt
100%
Portiere Serbia Roma Mile Svilar
100%
Centrocampista Guinea RB Lipsia Naby Keïta
100%
Centrocampista Serbia Roma Nemanja Matić
100%
Centrocampista Francia Chelsea N'Golo Kanté
100%
Centrocampista Argentina Benfica Nicolás Gaitán
100%
Attaccante Costa d'Avorio Arsenal Nicolas Pépé
100%
Centrocampista Italia Inter Nicolò Barella
100%
Attaccante Francia Chelsea Olivier Giroud
100%
Attaccante Argentina Roma Paulo Dybala
100%
Portiere Spagna Roma Pau López
100%
Centrocampista Francia Manchester Utd Paul Pogba
100%
Difensore Spagna Villarreal Pau Torres
100%
Attaccante Spagna Chelsea Pedro
100%
Centrocampista Brasile Liverpool Philippe Coutinho
100%
Attaccante Gabon Arsenal | Borussia Dortmund | Olympique Marsiglia Pierre-Emerick Aubameyang
100%
Attaccante Colombia Eintracht Francoforte Rafael Santos Borré
100%
Difensore Spagna Napoli | Villarreal Raúl Albiol
100%
Attaccante Belgio Inter Romelu Lukaku
100%
Portiere Portogallo Sporting Lisbona Rui Patrício
100%
Portiere Slovenia Inter Samir Handanovič
100%
Centrocampista Spagna Atlético Madrid Saúl Ñíguez
100%
Centrocampista Scozia Manchester Utd Scott McTominay
100%
Difensore Bosnia ed Erzegovina Arsenal Sead Kolašinac
100%
Portiere Spagna Celta Vigo Sergio Álvarez
100%
Portiere Argentina Manchester Utd Sergio Romero
100%
Difensore Paesi Bassi Inter Stefan de Vrij
100%
Centrocampista Brasile Shakhtar Donetsk Taison
100%
Centrocampista Paesi Bassi Atalanta Teun Koopmeiners
100%
Attaccante Germania RB Lipsia Timo Werner
100%
Difensore Belgio Tottenham Toby Alderweireld
100%
Attaccante Nigeria Saint-Gilloise Victor Boniface
100%
Centrocampista Belgio Anderlecht Youri Tielemans
100%
Attaccante Svezia Manchester Utd Zlatan Ibrahimović
100%
Difensore Inghilterra Manchester Utd Aaron Wan-Bissaka
50%
Difensore Francia Siviglia Adil Rami
50%
Difensore Spagna Villarreal Alfonso Pedraza
50%
Centrocampista Germania Ajax Amin Younes
50%
Portiere Portogallo Siviglia Beto
50%
Difensore Senegal Olympique Marsiglia Bouna Sarr
50%
Difensore Nigeria Rangers Calvin Bassey
50%
Attaccante Repubblica Democratica del Congo Villarreal Cédric Bakambu
50%
Centrocampista Francia Olympique Lione Corentin Tolisso
50%
Difensore inghilterra West Ham Utd Craig Dawson
50%
Centrocampista Spagna Villarreal Daniel Parejo
50%
Portiere Spagna Siviglia David Soria
50%
Portiere Ucraina Dnipro Denys Bojko
50%
Portiere Croazia Dinamo Zagabria Dominik Livaković
50%
Difensore Argentina Benfica Ezequiel Garay
50%
Centrocampista Germania Borussia Dortmund Gonzalo Castro
50%
Difensore Argentina Fiorentina Gonzalo Rodríguez
50%
Difensore Argentina Celta Vigo Gustavo Cabral
50%
Attaccante Ucraina Bandiera dell Dnipro Jevhen Konopljanka
50%
Attaccante Portogallo Benfica João Félix
50%
Attaccante Spagna Salisburgo Jonathan Soriano
50%
Difensore Francia Siviglia Jules Koundé
50%
Centrocampista Austria RB Lipsia Konrad Laimer
50%
Centrocampista Giappone Eintracht Francoforte Makoto Hasebe
50%
Difensore Brasile Siviglia Mariano
50%
Difensore Germania Eintracht Francoforte Martin Hinteregger
50%
Centrocampista Croazia Dinamo Zagabria Mislav Oršić
50%
Difensore Argentina Siviglia Nicolás Pareja
50%
Portiere Spagna Siviglia Sergio Rico
50%
Centrocampista Camerun Siviglia Stéphane M'Bia
50%
Centrocampista Francia Siviglia Steven N'Zonzi
50%
Difensore Francia Siviglia Timothée Kolodziejczak
50%
Portiere Marocco Siviglia Yassine Bounou
50%
Attaccante Brasile Salisburgo Alan
0%
Difensore Spagna Siviglia Aleix Vidal
0%
Centrocampista Portogallo Benfica André Gomes
0%
Difensore Germania Eintracht Francoforte Danny da Costa
0%
Centrocampista Mali Salisburgo Diadie Samassékou
0%
Difensore Brasile Dnipro Douglas
0%
Centrocampista Svizzera Basilea Fabian Frei
0%
Attaccante Portogallo Sporting Lisbona Gelson Martins
0%
Difensore Francia Olympique Lione Jérémy Morel
0%
Portiere Svezia Copenaghen Karl-Johan Johnsson
0%
Attaccante Serbia Benfica Lazar Marković
0%
Difensore Brasile Olympique Marsiglia Luiz Gustavo
0%
Centrocampista Repubblica Ceca Slavia Praga Lukáš Provod
0%
Centrocampista Brasile Shakhtar Donetsk Marlos
0%
Attaccante Spagna Siviglia Munir
0%
Centrocampista Cile lta Vigo Pablo Hernández
0%
Attaccante Spagna Benfica Rodrigo
0%
Centrocampista Ucraina Dnipro Ruslan Rotan'
0%
Attaccante Inghilterra Rangers Ryan Kent
0%
Difensore Spagna Siviglia Sergio Reguilón
0%
Difensore Austria Salisburgo Stefan Lainer
0%
Nessun quiz corrispondente trovato
Distribuzione punteggi
Percentuale di utenti per punteggio
Percentile per numero di risposta
I tuoi punteggi nel tempo
Non hai fatto questo quiz dall'ultimo reset